Statistics for Top 10 Nintendo DS Games

Click here to take the quiz!

General Stats

  • This quiz has been taken 60 times
  • The average score is 2 of 10

Answer Stats

YearGameScore% Correct
2005Mario Kart DS91
84%
2006New Super Mario Bros.89
73%
2007The Legend of Zelda: Phantom Hourglass90
41%
2009Mario & Luigi: Bowser's Inside Story90
14%
2009Grand Theft Auto: Chinatown Wars93
6%
2008Chrono Trigger92
4%
2009Flipnote Studio93
2%
2005Advance Wars: Dual Strike90
0%
2005Castlevania: Dawn of Sorrow89
0%
2005Meteos88
0%

Score Distribution

Percentile by Number Answered

Percent of People with Each Score

Your Score History

You have not taken this quiz